<?xml version="1.0" encoding="UTF-8"?><?xml-stylesheet type="text/xsl" href="static/style.xsl"?><OAI-PMH xmlns="http://www.openarchives.org/OAI/2.0/" xmlns:xsi="http://www.w3.org/2001/XMLSchema-instance" xsi:schemaLocation="http://www.openarchives.org/OAI/2.0/ http://www.openarchives.org/OAI/2.0/OAI-PMH.xsd"><responseDate>2026-06-29T02:37:59Z</responseDate><request verb="GetRecord" identifier="oai:docta.ucm.es:20.500.14352/112495" metadataPrefix="marc">https://docta.ucm.es/rest/oai/request</request><GetRecord><record><header><identifier>oai:docta.ucm.es:20.500.14352/112495</identifier><datestamp>2025-03-18T14:59:38Z</datestamp><setSpec>com_20.500.14352_14</setSpec><setSpec>col_20.500.14352_21</setSpec></header><metadata><record xmlns="http://www.loc.gov/MARC21/slim" xmlns:dcterms="http://purl.org/dc/terms/" xmlns:xsi="http://www.w3.org/2001/XMLSchema-instance" xmlns:doc="http://www.lyncode.com/xoai" xsi:schemaLocation="http://www.loc.gov/MARC21/slim http://www.loc.gov/standards/marcxml/schema/MARC21slim.xsd">
   <leader>00925njm 22002777a 4500</leader>
   <datafield ind2=" " ind1=" " tag="042">
      <subfield code="a">dc</subfield>
   </datafield>
   <datafield ind2=" " ind1=" " tag="720">
      <subfield code="a">Valor Yébenes, Juan Antonio</subfield>
      <subfield code="e">author</subfield>
   </datafield>
   <datafield ind2=" " ind1=" " tag="260">
      <subfield code="c">2017</subfield>
   </datafield>
   <datafield ind2=" " ind1=" " tag="520">
      <subfield code="a">The answer to the question proposed in the title is complicated because what is meant by reality depends on prior philosophical conceptions. So, to respond rigorously, I should clarify the notion of reality by resorting to the history of philosophy. I shall offer two responses following two distinct philosophical stands. The first is the empiricism of Locke and Newton which I will take into account since although it emerges in the 17th century it somehow extends up to this day and is at the basis of what we mean by reality even today. The other position is the pragmatism of Dewey and Rorty, which openly criticizes the philosophical assumptions of classical empiricism and offers an alternative discourse upon which a new notion of reality is construed. What is real about augmented reality? Nothing, according to empiricism; it is mere appearance. And according to pragmatism the reality we grant it will depend on the problems it allows us to solve. In this paper I will explain both positions.</subfield>
   </datafield>
   <datafield ind1="8" ind2=" " tag="024">
      <subfield code="a">Valor Yébenes, J.A. (2017): "What actually is augmented reality ", en J.M. Ariso, Augmented reality, Berlin, Boston, De Gruyter, pp. 111-130.</subfield>
   </datafield>
   <datafield ind1="8" ind2=" " tag="024">
      <subfield code="a">978-3-11-049700-7</subfield>
   </datafield>
   <datafield ind1="8" ind2=" " tag="024">
      <subfield code="a">10.1515/9783110497656-007</subfield>
   </datafield>
   <datafield ind1="8" ind2=" " tag="024">
      <subfield code="a">https://hdl.handle.net/20.500.14352/112495</subfield>
   </datafield>
   <datafield ind1="8" ind2=" " tag="024">
      <subfield code="a">https://doi.org/10.1515/9783110497656-007</subfield>
   </datafield>
   <datafield ind1="8" ind2=" " tag="024">
      <subfield code="a">https://www.degruyter.com/document/doi/10.1515/9783110497656-007/html?srsltid=AfmBOoquvS_cP_c7yjY_CLSsZR2EdLz68QaH25PtImFCtXsdHsqE6viy</subfield>
   </datafield>
   <datafield ind2="0" ind1="0" tag="245">
      <subfield code="a">What actually is augmented reality</subfield>
   </datafield>
</record></metadata></record></GetRecord></OAI-PMH>